000 00340nam a2200145Ia 4500
008 230718s9999 xx 000 0 und d
041 _aEng.
082 _a342.54
_bRIA-P
100 _aRiaz,Ahsan
245 0 _apunjab local gournment act
260 _aPakistan
_bCivil law publisher
_c2013
300 _a102
650 _aLaw
999 _c30402
_d30402